Achievements of the International magnetospheric study(IMS) (Record no. 8658)

MARC details
000 -LEADER
fixed length control field 00739nam a2200217Ia 4500
003 - CONTROL NUMBER IDENTIFIER
control field IN-BaIIA
008 - FIXED-LENGTH DATA ELEMENTS--GENERAL INFORMATION
fixed length control field 211028s9999 xx 000 0 eng d
020 ## - INTERNATIONAL STANDARD BOOK NUMBER
International Standard Book Number 0379-6566
040 ## - CATALOGING SOURCE
Transcribing agency IIA Library
080 ## - UNIVERSAL DECIMAL CLASSIFICATION NUMBER
Universal Decimal Classification number 551.510.5(063)
Item number ESA
245 #0 - TITLE STATEMENT
Title Achievements of the International magnetospheric study(IMS)
Statement of responsibility, etc. edited by Bruce Battrick and Erica Rolfe
260 ## - PUBLICATION, DISTRIBUTION, ETC.
Place of publication, distribution, etc. France
Name of publisher, distributor, etc. European Space Agency
Date of publication, distribution, etc. 1984
300 ## - PHYSICAL DESCRIPTION
Extent [various pagings.]
650 ## - SUBJECT ADDED ENTRY--TOPICAL TERM
Topical term or geographic name entry element Astronomy and astrophysics thesaurus
650 ## - SUBJECT ADDED ENTRY--TOPICAL TERM
Topical term or geographic name entry element Ionosphere
650 ## - SUBJECT ADDED ENTRY--TOPICAL TERM
Topical term or geographic name entry element Magnetosphere
9 (RLIN) 3270
650 ## - SUBJECT ADDED ENTRY--TOPICAL TERM
Topical term or geographic name entry element Magnetospheric substroms
9 (RLIN) 10003
700 ## - ADDED ENTRY--PERSONAL NAME
Personal name Battrick Bruce., ed.
9 (RLIN) 14538
700 ## - ADDED ENTRY--PERSONAL NAME
Personal name Rolfe, Erica., ed.
9 (RLIN) 14539
942 ## - ADDED ENTRY ELEMENTS (KOHA)
Koha item type Books
Holdings
Withdrawn status Lost status Damaged status Not for loan Home library Current library Shelving location Date acquired Total Checkouts Full call number Barcode Date last seen Price effective from Koha item type
        IIA Library-Bangalore IIA Library-Bangalore General Stacks 21/03/1986   551.510.5(063)/ ESA 9531 05/11/2021 21/03/1986 Books

Powered by Koha